000 00816nam a22002897a 4500
001 BR8603439
003 BR-BrBNA
005 20230928092306.0
007 ta
008 230509b bl.||||| |||| 00| 0 por d
040 _aBR-BrBNA
_bpor
_cBiblioteca Nacional de Agricultura
041 _a(Por)
072 _aH20; U30
_b4120
_b/G514
090 _ 4120 BR8603439
100 1 _aAlves, M. de F.
110 1 _aFaculdade de Ciencias Agrarias do Para, Belem (Brasil)
245 1 _aMetodos de isolamento de mutantes auxotroficos em fungos [Para, Brasil]
260 3 _aBelem, PA (Brasil):
_c1986.
300 _a48 p.
500 _a16 ref.; Summaries (Eng, Por)
650 _aDOENCA DE PLANTA
650 _aMUTANTE
650 _aFUNGO
650 _aPARA
909 _a202309
_bLucia
_c55
_dLucia Elande
942 _cBK
999 _c38149
_d38149